00644nam a2200181 i 450000100060000000300090000600500170001500700030003200800410003510000290007624501030010526000350020830000220024370000260026585200320029199900170032395201220034030236ES-MaACL20230906154148.0t|030124s1971 sp ||||1| spa d1 aBassani, Giorgio.92630210aLida Mantovani y otras historias de Ferrara / cGiorgio Bassani ; [traducción de: Sergio Pitol]. aBarcelona : bBarral, c[1971] a175 p. ; c19 cm.1 aPitol, Sergio.992416 aES-MaACLjC-45335 bR.79339 c30236d30236 00104070aATENEOMbATENEOMcDEPO2d2008-01-17eSCl0oC-45335p1031215r2023-02-23 00:00:00w2023-02-23yMONOGRAFIA